[Event "Scarborough CC Jack Frost U1400"]
[Site "Toronto CAN"]
[Date "2012.02.02"]
[Round "5"]
[White "Maurer, Hans"]
[Black "Stroempl, Hedi"]
[Result "0-1"]
[WhiteElo "945"]
[BlackElo "1033"]
[PlyCount "68"]
[GameId "2160767909573102"]
[EventDate "2012.01.05"]
[EventType "swiss"]
[EventRounds "6"]
[EventCountry "CAN"]
[SourceTitle "EXT 2022"]
[Source "ChessBase"]
[SourceDate "2021.10.06"]
[SourceVersion "1"]
[SourceVersionDate "2021.10.06"]
[SourceQuality "1"]

1. e4 c5 2. Nf3 Nc6 3. Bc4 h6 4. d3 e5 5. O-O d6 6. h3 Nf6 7. Nc3 a6 8. Be3 Be7 9. Nd5 Nxd5 10. Bxd5 Bd7 11. Nh4 Bxh4 12. Qh5 O-O 13. Qf3 Qf6 14. Qxf6 Bxf6 15. c3 Rab8 16. Rad1 Ne7 17. Bb3 b5 18. Rd2 a5 19. c4 a4 20. Bd1 b4 21. b3 axb3 22. axb3 Ra8 23. Kh2 Ra1 24. Be2 Ra3 25. Bd1 Rfa8 26. f4 Nc6 27. f5 Na5 28. Rb2 Nc6 29. g3 Ra1 30. Be2 Rxf1 31. Bxf1 Ra3 32. h4 Na5 33. Bd2 Nxb3 34. Bc1 Nxc1 0-1

[Event "Scarborough CC Jack Frost U1400"]
[Site "Toronto CAN"]
[Date "2012.02.02"]
[Round "5"]
[White "Ming, Qing"]
[Black "Jimenez, Michael"]
[Result "1-0"]
[WhiteElo "1109"]
[BlackElo "891"]
[PlyCount "77"]
[GameId "2160767909573103"]
[EventDate "2012.01.05"]
[EventType "swiss"]
[EventRounds "6"]
[EventCountry "CAN"]
[SourceTitle "EXT 2022"]
[Source "ChessBase"]
[SourceDate "2021.10.06"]
[SourceVersion "1"]
[SourceVersionDate "2021.10.06"]
[SourceQuality "1"]

1. e4 e5 2. Nf3 Nc6 3. Nc3 Nf6 4. d4 d6 5. d5 Ne7 6. Bg5 Ng6 7. Qd2 Be7 8. h3 Nh5 9. g3 h6 10. Bxe7 Qxe7 11. O-O-O Bd7 12. Nb5 O-O-O 13. Nxa7+ Kb8 14. Nb5 c6 15. dxc6 Bxc6 16. Qe3 Kc8 17. Na7+ Kd7 18. Bb5 Ke8 19. Bxc6+ bxc6 20. Nxc6 Qc7 21. Nxd8 Kxd8 22. Qa3 Ke7 23. Rd5 Rc8 24. c3 Nf6 25. Ra5 Nxe4 26. Ra7 Kd8 27. Rxc7 Rxc7 28. Qa8+ Rc8 29. Qa5+ Rc7 30. Qa8+ Rc8 31. Qxe4 Rc7 32. Rd1 Rd7 33. Qd5 Ne7 34. Qa5+ Ke8 35. Qa8+ Rd8 36. Qa4+ Rd7 37. Rxd6 Nc8 38. Qxd7+ Kf8 39. Qd8# 1-0

[Event "Scarborough CC Jack Frost U1400"]
[Site "Toronto CAN"]
[Date "2012.02.02"]
[Round "5"]
[White "Pakerathan, Thurvan"]
[Black "Patel, Saiyam"]
[Result "1-0"]
[WhiteElo "867"]
[BlackElo "898"]
[PlyCount "77"]
[GameId "2160767909573104"]
[EventDate "2012.01.05"]
[EventType "swiss"]
[EventRounds "6"]
[EventCountry "CAN"]
[SourceTitle "EXT 2022"]
[Source "ChessBase"]
[SourceDate "2021.10.06"]
[SourceVersion "1"]
[SourceVersionDate "2021.10.06"]
[SourceQuality "1"]

1. e4 e6 2. Nc3 Bc5 3. Nf3 Bb6 4. Bc4 d5 5. exd5 Qf6 6. O-O Nh6 7. dxe6 fxe6 8. d3 c6 9. Bg5 Qg6 10. Bxh6 Qxh6 11. Re1 Bc7 12. Re2 b5 13. Bb3 c5 14. Qe1 Qg6 15. Bxe6 Bb7 16. Bf5+ Be5 17. Bxg6+ hxg6 18. Rxe5+ Kd7 19. Re7+ Kd8 20. Rxb7 Re8 21. Qxe8+ Kxe8 22. Re1+ Kd8 23. Nxb5 Nc6 24. Rxg7 Nb4 25. Rxg6 Nxa2 26. Rg8+ Kd7 27. Rxa8 a6 28. Rxa6 Nb4 29. h4 Nxa6 30. h5 Nc7 31. Nxc7 Kxc7 32. h6 Kd7 33. h7 Kd6 34. d4 Kd5 35. c3 Kc4 36. Ne5+ Kd5 37. g4 cxd4 38. cxd4 Kxd4 39. g5 1-0

[Event "Scarborough CC Jack Frost U1400"]
[Site "Toronto CAN"]
[Date "2012.02.02"]
[Round "5"]
[White "Paraparan, Varshini"]
[Black "Balendra, Harigaran"]
[Result "0-1"]
[WhiteElo "1049"]
[BlackElo "1181"]
[PlyCount "40"]
[GameId "2160767909573105"]
[EventDate "2012.01.05"]
[EventType "swiss"]
[EventRounds "6"]
[EventCountry "CAN"]
[SourceTitle "EXT 2022"]
[Source "ChessBase"]
[SourceDate "2021.10.06"]
[SourceVersion "1"]
[SourceVersionDate "2021.10.06"]
[SourceQuality "1"]

1. e4 c5 2. Nc3 Nc6 3. Nf3 e6 4. d4 cxd4 5. Nxd4 Bc5 6. Nxc6 bxc6 7. Bd3 d5 8. O-O Nf6 9. Bg5 h6 10. Bh4 e5 11. exd5 cxd5 12. Bxf6 gxf6 13. Nxd5 Bd4 14. Bb5+ Kf8 15. Nc3 Rg8 16. Ne2 Bb7 17. c3 Rxg2+ 18. Kh1 Rxf2+ 19. Kg1 Rg2+ 20. Kh1 Rg1# 0-1

[Event "Scarborough CC Jack Frost U1400"]
[Site "Toronto CAN"]
[Date "2012.02.02"]
[Round "5"]
[White "Souchko, Larissa"]
[Black "Chen, George"]
[Result "0-1"]
[WhiteElo "1132"]
[BlackElo "1277"]
[PlyCount "80"]
[GameId "2160767909573106"]
[EventDate "2012.01.05"]
[EventType "swiss"]
[EventRounds "6"]
[EventCountry "CAN"]
[SourceTitle "EXT 2022"]
[Source "ChessBase"]
[SourceDate "2021.10.06"]
[SourceVersion "1"]
[SourceVersionDate "2021.10.06"]
[SourceQuality "1"]

1. e4 c5 2. Nf3 Nc6 3. d4 cxd4 4. Nxd4 Nf6 5. Nc3 e5 6. Nxc6 bxc6 7. a3 Be7 8. f4 exf4 9. Bxf4 O-O 10. h3 h6 11. e5 Ne8 12. Qf3 Bh4+ 13. g3 Bg5 14. O-O-O Bxf4+ 15. gxf4 Rb8 16. h4 Bb7 17. Qg3 a6 18. h5 c5 19. Rg1 Kh8 20. Bd3 Rc8 21. Bc4 Qe7 22. Ne4 Bxe4 23. Rd6 Bb7 24. Bxa6 Bxa6 25. Rxa6 Qd8 26. f5 Qe7 27. f6 gxf6 28. Rxf6 Rc6 29. Rf2 Re6 30. Re2 Rc6 31. Re4 f5 32. Ree1 Qf7 33. Qh3 Ng7 34. Rh1 Re8 35. c3 Rce6 36. Qh4 Qe7 37. Qf4 Kh7 38. Reg1 Qf7 39. Rh2 Rxe5 40. Rg6 Re1+ 0-1

[Event "Scarborough CC Jack Frost U1400"]
[Site "Toronto CAN"]
[Date "2012.02.09"]
[Round "6"]
[White "Balendra, Harigaran"]
[Black "Dattani, Dinesh"]
[Result "0-1"]
[WhiteElo "1181"]
[BlackElo "1237"]
[PlyCount "104"]
[GameId "2160767909573107"]
[EventDate "2012.01.05"]
[EventType "swiss"]
[EventRounds "6"]
[EventCountry "CAN"]
[SourceTitle "EXT 2022"]
[Source "ChessBase"]
[SourceDate "2021.10.06"]
[SourceVersion "1"]
[SourceVersionDate "2021.10.06"]
[SourceQuality "1"]

1. e4 e5 2. Nf3 d6 3. Bc4 Be7 4. h3 Nf6 5. d3 O-O 6. O-O Nbd7 7. Nc3 c6 8. a3 h6 9. Be3 b5 10. Bb3 Nb6 11. a4 b4 12. Ne2 a5 13. Ng3 Qc7 14. Rb1 Be6 15. c3 d5 16. Bxb6 Qxb6 17. Nxe5 Bd6 18. Nf3 Bxg3 19. Nd4 Bc7 20. Re1 Rad8 21. Qc2 Be5 22. Nf3 Bb8 23. Nd4 Bc8 24. e5 Nh7 25. Rbd1 Rfe8 26. Nf3 Bc7 27. d4 Qb8 28. Ba2 Re6 29. Bb1 g6 30. h4 Kg7 31. h5 Nf8 32. Re3 c5 33. hxg6 Nxg6 34. Rc1 Bb6 35. g3 Qa7 36. Rd1 Qe7 37. Rde1 Rc6 38. Nh4 Qg5 39. Nf3 Qg4 40. Nh2 Qh5 41. Qd3 Bg4 42. f3 Bh3 43. R1e2 cxd4 44. cxd4 Rc1+ 45. Re1 Rdc8 46. Qd2 Rxe1+ 47. Rxe1 Qg5 48. f4 Qxg3+ 49. Kh1 Nxf4 50. Rg1 Rc1 51. Nf3 Bg2+ 52. Qxg2 Qxg2# 0-1

[Event "Scarborough CC Jack Frost U1400"]
[Site "Toronto CAN"]
[Date "2012.02.09"]
[Round "6"]
[White "Chen, George"]
[Black "Ming, Wenyang"]
[Result "1/2-1/2"]
[WhiteElo "1277"]
[BlackElo "1200"]
[PlyCount "106"]
[GameId "2160767909573108"]
[EventDate "2012.01.05"]
[EventType "swiss"]
[EventRounds "6"]
[EventCountry "CAN"]
[SourceTitle "EXT 2022"]
[Source "ChessBase"]
[SourceDate "2021.10.06"]
[SourceVersion "1"]
[SourceVersionDate "2021.10.06"]
[SourceQuality "1"]

1. d4 d5 2. c4 e6 3. Nc3 Nf6 4. Nf3 Be7 5. e3 c5 6. Be2 Nc6 7. O-O O-O 8. h3 b6 9. b3 Bb7 10. Bb2 a6 11. Qd2 Qc7 12. Rfd1 Rfd8 13. Qc1 Rd7 14. Bf1 Rad8 15. Ne2 dxc4 16. bxc4 e5 17. d5 Nb4 18. Bxe5 Qc8 19. Nc3 a5 20. e4 Ne8 21. a3 Na6 22. Be2 f6 23. Bg3 Bd6 24. Bxd6 Nxd6 25. Rb1 Qc7 26. Nb5 Nxb5 27. cxb5 Nb8 28. Qc4 Kh8 29. a4 Qd6 30. Rbc1 Re7 31. Rd2 Qf4 32. Bd3 Nd7 33. Re2 Ne5 34. Nxe5 Rxe5 35. Rce1 h6 36. Re3 Rd6 37. R3e2 Rg5 38. Qc1 Qh4 39. Qc2 Qxh3 40. f3 Qxf3 41. Rf2 Qg3 42. Qd2 Qe5 43. Qf4 Qxf4 44. Rxf4 Re5 45. Re2 Kg8 46. Kf2 Kf7 47. Bc4 g5 48. Rf3 Kg6 49. g4 Rd8 50. Rfe3 Bc8 51. Rg3 Rde8 52. Kf3 h5 53. gxh5+ Kxh5 1/2-1/2

[Event "Scarborough CC Jack Frost U1400"]
[Site "Toronto CAN"]
[Date "2012.02.09"]
[Round "6"]
[White "Guo, Thomas"]
[Black "Pakerathan, Thurvan"]
[Result "1/2-1/2"]
[WhiteElo "1078"]
[BlackElo "867"]
[PlyCount "92"]
[GameId "2160767909573109"]
[EventDate "2012.01.05"]
[EventType "swiss"]
[EventRounds "6"]
[EventCountry "CAN"]
[SourceTitle "EXT 2022"]
[Source "ChessBase"]
[SourceDate "2021.10.06"]
[SourceVersion "1"]
[SourceVersionDate "2021.10.06"]
[SourceQuality "1"]

1. e4 e5 2. Bc4 Nc6 3. Nf3 Nf6 4. Ng5 d5 5. exd5 Nxd5 6. Qf3 Be6 7. Nxe6 fxe6 8. Nc3 Ncb4 9. Bb3 Nxc3 10. Qxc3 Qd6 11. a3 Nd5 12. Qf3 O-O-O 13. O-O g5 14. Bxd5 Qxd5 15. Qxd5 Rxd5 16. d3 h6 17. Re1 Ra5 18. Bd2 Rb5 19. Bc3 Bd6 20. d4 exd4 21. Bxd4 e5 22. Bc3 Re8 23. Rad1 e4 24. Rd2 Be5 25. Kf1 Bxc3 26. bxc3 Rbe5 27. Rde2 g4 28. f3 gxf3 29. gxf3 e3 30. f4 Rf8 31. Rxe3 Rxe3 32. Rxe3 Rxf4+ 33. Ke1 Kd7 34. Kd2 Rf2+ 35. Re2 Rxe2+ 36. Kxe2 Kd6 37. Kd3 h5 38. Kd4 c5+ 39. Kd3 b6 40. c4 Ke5 41. Ke3 a6 42. a4 Kf5 43. Kf3 Kg5 44. Kg3 h4+ 45. Kf3 Kh5 46. c3 Kg5 1/2-1/2

[Event "Scarborough CC Jack Frost U1400"]
[Site "Toronto CAN"]
[Date "2012.02.09"]
[Round "6"]
[White "Jimenez, Michael"]
[Black "Roy, Lawrence"]
[Result "1-0"]
[WhiteElo "891"]
[BlackElo "1032"]
[PlyCount "53"]
[GameId "2160767909573110"]
[EventDate "2012.01.05"]
[EventType "swiss"]
[EventRounds "6"]
[EventCountry "CAN"]
[SourceTitle "EXT 2022"]
[Source "ChessBase"]
[SourceDate "2021.10.06"]
[SourceVersion "1"]
[SourceVersionDate "2021.10.06"]
[SourceQuality "1"]

1. e4 e5 2. Nf3 Nf6 3. Nxe5 d6 4. Nf3 Nxe4 5. d3 Nf6 6. Bg5 Be7 7. Be2 h6 8. Bh4 d5 9. d4 Nc6 10. Nc3 O-O 11. O-O Re8 12. Re1 Bd7 13. Bxf6 Bxf6 14. Nxd5 Be6 15. Nxf6+ gxf6 16. c4 Bf5 17. d5 Nb4 18. Qd2 Nc2 19. Bd3 Nxe1 20. Rxe1 Rxe1+ 21. Nxe1 Bxd3 22. Nxd3 h5 23. Qh6 c6 24. Nf4 Qe8 25. h3 cxd5 26. Nxd5 b5 27. Nxf6# 1-0

[Event "Scarborough CC Jack Frost U1400"]
[Site "Toronto CAN"]
[Date "2012.02.09"]
[Round "6"]
[White "Liang, Hairan"]
[Black "Mendrinos, Ari"]
[Result "0-1"]
[WhiteElo "786"]
[BlackElo "1363"]
[PlyCount "104"]
[GameId "2160767909573111"]
[EventDate "2012.01.05"]
[EventType "swiss"]
[EventRounds "6"]
[EventCountry "CAN"]
[SourceTitle "EXT 2022"]
[Source "ChessBase"]
[SourceDate "2021.10.06"]
[SourceVersion "1"]
[SourceVersionDate "2021.10.06"]
[SourceQuality "1"]

1. e4 e6 2. Nf3 d5 3. Nc3 dxe4 4. Nxe4 Nf6 5. Bd3 Nc6 6. O-O Be7 7. Nxf6+ Bxf6 8. Qe2 O-O 9. Be4 Bd7 10. d3 Rb8 11. Bf4 Nd4 12. Nxd4 Bxd4 13. Qh5 g6 14. Qh6 Bg7 15. Qg5 Qxg5 16. Bxg5 f5 17. Bf3 b6 18. c4 Bxb2 19. Rab1 Bf6 20. Bf4 e5 21. Bh6 Bg7 22. Bd5+ Kh8 23. Bg5 Bf6 24. Bxf6+ Rxf6 25. c5 Bc6 26. Bc4 Rff8 27. f3 bxc5 28. Rbd1 Rfd8 29. Rfe1 Bd5 30. Rxe5 Bxc4 31. Rxc5 Bxd3 32. Rxc7 Rb1 33. Rxb1 Bxb1 34. Rxa7 Rd1+ 35. Kf2 Rd2+ 36. Kg3 Rxa2 37. Rxa2 Bxa2 38. h4 Kg7 39. Kf4 Kf6 40. g4 fxg4 41. fxg4 Be6 42. g5+ Ke7 43. Ke5 Bg4 44. Kf4 Bf5 45. Ke5 Bg4 46. Kf4 Bh5 47. Ke5 Kd7 48. Kf6 Kd6 49. Kg7 Ke5 50. Kxh7 Kf4 51. Kg7 Kg4 52. Kf6 Kxh4 0-1

[Event "Scarborough CC Jack Frost U1400"]
[Site "Toronto CAN"]
[Date "2012.02.09"]
[Round "6"]
[White "Lu, Leo"]
[Black "Kaneshalingam, Mathanhe"]
[Result "1/2-1/2"]
[WhiteElo "945"]
[BlackElo "1027"]
[PlyCount "51"]
[GameId "2160767909573112"]
[EventDate "2012.01.05"]
[EventType "swiss"]
[EventRounds "6"]
[EventCountry "CAN"]
[SourceTitle "EXT 2022"]
[Source "ChessBase"]
[SourceDate "2021.10.06"]
[SourceVersion "1"]
[SourceVersionDate "2021.10.06"]
[SourceQuality "1"]

1. e4 c5 2. Bc4 e5 3. Qh5 Qf6 4. d3 h6 5. Nc3 Ne7 6. Nf3 d6 7. Nb5 Na6 8. Nxd6+ Qxd6 9. Qxf7+ Kd8 10. Bd2 Nb4 11. O-O-O Qf6 12. Bc3 b5 13. Bb3 Qxf7 14. Bxf7 Nbc6 15. Nxe5 Nxe5 16. Bxe5 Bd7 17. d4 Nc6 18. Bd5 Rc8 19. Bxc6 Rxc6 20. dxc5 Rxc5 21. Bd4 Rc7 22. Rd3 Rg8 23. e5 Kc8 24. Re1 Bf5 25. Rd2 Bb4 26. c3 1/2-1/2

[Event "Scarborough CC Jack Frost U1400"]
[Site "Toronto CAN"]
[Date "2012.02.09"]
[Round "6"]
[White "Mahoney, Sean"]
[Black "Wang, Yanning"]
[Result "1/2-1/2"]
[WhiteElo "763"]
[BlackElo "1125"]
[PlyCount "135"]
[GameId "2160767909573114"]
[EventDate "2012.01.05"]
[EventType "swiss"]
[EventRounds "6"]
[EventCountry "CAN"]
[SourceTitle "EXT 2022"]
[Source "ChessBase"]
[SourceDate "2021.10.06"]
[SourceVersion "1"]
[SourceVersionDate "2021.10.06"]
[SourceQuality "1"]

1. e4 e5 2. Nf3 Nc6 3. Bc4 Bc5 4. O-O Nf6 5. Nc3 Ng4 6. d4 Bxd4 7. Nxd4 Qh4 8. Bxf7+ Kxf7 9. Qf3+ Ke8 10. h3 Nxd4 11. Qxg4 Qxg4 12. hxg4 Nxc2 13. Rb1 h6 14. Nd5 Kd8 15. g5 c6 16. Nb4 Nxb4 17. a3 Nd3 18. Bd2 h5 19. g6 d6 20. Rbd1 Nxb2 21. Bg5+ Ke8 22. Rxd6 Bd7 23. Rb1 Nc4 24. Rd3 Rb8 25. Rbd1 Nb6 26. f4 exf4 27. Bxf4 Rc8 28. Bg5 c5 29. a4 c4 30. Rd4 a5 31. Rd6 Rc6 32. Rxc6 bxc6 33. e5 Nd5 34. Re1 Be6 35. Re4 c3 36. Rc4 Kd7 37. Rc5 h4 38. Rxa5 h3 39. Ra7+ Kc8 40. Ra8+ Kb7 41. Rxh8 h2+ 42. Rxh2 Kb6 43. g3 Bf5 44. Rh7 c2 45. Rxg7 Nc3 46. a5+ Kxa5 47. Ra7+ Kb6 48. Ra1 Bxg6 49. e6 Ne4 50. Be3+ Kc7 51. Ra7+ Kd8 52. Rg7 Bf5 53. e7+ Ke8 54. g4 Be6 55. g5 Nc3 56. g6 Ne2+ 57. Kf2 c1=Q 58. Bxc1 Nxc1 59. Kf3 c5 60. Ke3 c4 61. Kd2 Nb3+ 62. Kc3 Nc5 63. Kd4 Nd7 64. Rh7 Nf6 65. Rh8+ Kxe7 66. g7 Kf7 67. Rh4 Kxg7 68. Kc3 1/2-1/2

[Event "Scarborough CC Jack Frost U1400"]
[Site "Toronto CAN"]
[Date "2012.02.09"]
[Round "6"]
[White "Ming, Qing"]
[Black "Paraparan, Varshini"]
[Result "0-1"]
[WhiteElo "1109"]
[BlackElo "1049"]
[PlyCount "98"]
[GameId "2160767909573115"]
[EventDate "2012.01.05"]
[EventType "swiss"]
[EventRounds "6"]
[EventCountry "CAN"]
[SourceTitle "EXT 2022"]
[Source "ChessBase"]
[SourceDate "2021.10.06"]
[SourceVersion "1"]
[SourceVersionDate "2021.10.06"]
[SourceQuality "1"]

1. e4 e5 2. Nf3 Nc6 3. Nc3 Nf6 4. d4 exd4 5. Nxd4 Bb4 6. Nxc6 bxc6 7. Qd4 Qe7 8. e5 O-O 9. Bg5 Bxc3+ 10. Qxc3 Re8 11. O-O-O Qxe5 12. Bxf6 Qxf6 13. Qxf6 gxf6 14. Bc4 Rb8 15. Rhe1 Rxe1 16. Rxe1 Kf8 17. Re4 d5 18. Rh4 dxc4 19. Rxh7 Kg8 20. Rh4 Be6 21. c3 Kg7 22. Rf4 Rb5 23. g4 Rg5 24. f3 f5 25. h4 Rg6 26. g5 Kh7 27. Kd2 f6 28. gxf6 Rxf6 29. h5 Kh6 30. Rh4 f4 31. Ke2 Bf7 32. Rg4 Kxh5 33. Rg7 Kh6 34. Rg4 Be6 35. Rh4+ Kg5 36. Rh8 Bd5 37. Rh7 Rf7 38. Rh3 Re7+ 39. Kf2 Re3 40. a3 a6 41. Rh7 Rxf3+ 42. Ke2 Rg3 43. Rg7+ Kh6 44. Rxg3 fxg3 45. Kf1 g2+ 46. Kg1 Kh5 47. Kh2 Kh4 48. Kg1 Kh3 49. a4 a5 0-1

[Event "Scarborough CC Jack Frost U1400"]
[Site "Toronto CAN"]
[Date "2012.02.09"]
[Round "6"]
[White "Patel, Alay"]
[Black "Maurer, Hans"]
[Result "1-0"]
[WhiteElo "888"]
[BlackElo "945"]
[PlyCount "74"]
[GameId "2160767909573116"]
[EventDate "2012.01.05"]
[EventType "swiss"]
[EventRounds "6"]
[EventCountry "CAN"]
[SourceTitle "EXT 2022"]
[Source "ChessBase"]
[SourceDate "2021.10.06"]
[SourceVersion "1"]
[SourceVersionDate "2021.10.06"]
[SourceQuality "1"]

1. e3 e5 2. Nc3 Nf6 3. Nf3 Nc6 4. Bb5 d6 5. O-O a6 6. Bxc6+ bxc6 7. d4 e4 8. Ng5 Bf5 9. b3 d5 10. f3 h6 11. fxe4 dxe4 12. Rxf5 hxg5 13. Re5+ Be7 14. Nxe4 Nxe4 15. Rxe4 Qd6 16. Qf1 Qxh2+ 17. Kf2 f5 18. Re5 g6 19. e4 c5 20. Bxg5 Rh7 21. Ke1 Qg3+ 22. Qf2 Qxg5 23. exf5 Rh1+ 24. Ke2 Rxa1 25. f6 Qg4+ 26. Qf3 Qxf3+ 27. gxf3 O-O-O 28. fxe7 Re8 29. dxc5 Rxa2 30. Kd3 Ra5 31. Kc3 Kd7 32. c6+ Kxc6 33. Rxa5 Rxe7 34. Rxa6+ Kb7 35. Rxg6 Rd7 36. Rg4 c6 37. Rb4+ Kc7 1-0

[Event "Scarborough CC Jack Frost U1400"]
[Site "Toronto CAN"]
[Date "2012.02.09"]
[Round "6"]
[White "Pulogarajah, Kaarthic"]
[Black "Roy, Harrison"]
[Result "1-0"]
[WhiteElo "1053"]
[BlackElo "879"]
[PlyCount "47"]
[GameId "2160767909573118"]
[EventDate "2012.01.05"]
[EventType "swiss"]
[EventRounds "6"]
[EventCountry "CAN"]
[SourceTitle "EXT 2022"]
[Source "ChessBase"]
[SourceDate "2021.10.06"]
[SourceVersion "1"]
[SourceVersionDate "2021.10.06"]
[SourceQuality "1"]

1. e4 e6 2. Nc3 d5 3. e5 d4 4. Nb5 Qd5 5. Nf3 Qd8 6. Nbxd4 b6 7. Bb5+ Nd7 8. Nc6 Bb7 9. Nxd8 Rxd8 10. d4 a6 11. Bd3 c5 12. c3 Bxf3 13. Qxf3 cxd4 14. cxd4 Bb4+ 15. Bd2 Bxd2+ 16. Kxd2 Nh6 17. Bxa6 O-O 18. Bd3 Nf5 19. Bxf5 exf5 20. Qxf5 Nc5 21. Ke3 Na4 22. Rab1 Rfe8 23. g4 f6 24. f4 1-0

[Event "Scarborough CC Jack Frost U1400"]
[Site "Toronto CAN"]
[Date "2012.02.09"]
[Round "6"]
[White "Stroempl, Hedi"]
[Black "Magee, Bruce"]
[Result "1-0"]
[WhiteElo "1033"]
[BlackElo "627"]
[PlyCount "123"]
[GameId "2160767909573119"]
[EventDate "2012.01.05"]
[EventType "swiss"]
[EventRounds "6"]
[EventCountry "CAN"]
[SourceTitle "EXT 2022"]
[Source "ChessBase"]
[SourceDate "2021.10.06"]
[SourceVersion "1"]
[SourceVersionDate "2021.10.06"]
[SourceQuality "1"]

1. e4 e6 2. d4 d5 3. e5 f6 4. Nf3 Nc6 5. Bb5 Qe7 6. O-O Bd7 7. Bxc6 Bxc6 8. Nc3 O-O-O 9. Re1 g6 10. b3 Bh6 11. Bb2 f5 12. h3 f4 13. Ne2 Bg5 14. Bc1 h6 15. Bxf4 Bxf4 16. Nxf4 Qg7 17. Qd3 Ne7 18. Nxe6 Qf7 19. Nxd8 Kxd8 20. a4 Qe6 21. Nd2 g5 22. Rac1 g4 23. h4 Nf5 24. g3 Bd7 25. c4 c6 26. c5 Rf8 27. b4 Qf7 28. Re2 Be6 29. b5 Ne7 30. a5 Bf5 31. Qb3 Nc8 32. Rce1 Ne7 33. a6 Bc8 34. Qa4 cxb5 35. Qxb5 Nc6 36. Nb3 Kc7 37. e6 Qf6 38. axb7 Bxb7 39. e7 Re8 40. Re6 Qf7 41. Qe2 Bc8 42. Rxh6 Nxe7 43. Qe5+ Kd8 44. Qf6 Qxf6 45. Rxf6 Ng8 46. Rd6+ Bd7 47. Rxe8+ Kxe8 48. c6 Bc8 49. Rxd5 Ne7 50. Re5 Kf7 51. d5 Ng6 52. Rg5 Kf6 53. Rh5 Ne5 54. d6 Nf3+ 55. Kf1 Ba6+ 56. Kg2 Ne1+ 57. Kh1 Bd3 58. Nd2 Ke6 59. d7 Ke7 60. Re5+ Kd8 61. Rxe1 Bb5 62. Re8+ 1-0

[Event "Scarborough CC Jack Frost U1400"]
[Site "Toronto CAN"]
[Date "2012.02.09"]
[Round "6"]
[White "Wu, Mark"]
[Black "Sekar, Varun"]
[Result "0-1"]
[WhiteElo "1003"]
[BlackElo "1249"]
[PlyCount "28"]
[GameId "2160767909573120"]
[EventDate "2012.01.05"]
[EventType "swiss"]
[EventRounds "6"]
[EventCountry "CAN"]
[SourceTitle "EXT 2022"]
[Source "ChessBase"]
[SourceDate "2021.10.06"]
[SourceVersion "1"]
[SourceVersionDate "2021.10.06"]
[SourceQuality "1"]

1. d4 d5 2. c4 e6 3. e3 c5 4. dxc5 Bxc5 5. cxd5 Nf6 6. dxe6 Qxd1+ 7. Kxd1 Bxe6 8. g3 Bd5 9. f3 Nc6 10. Bg2 O-O-O 11. Ke2 Rhe8 12. e4 Bc4+ 13. Ke1 Nd4 14. b3 Nc2# 0-1

[Event "Scarborough CC Jack Frost U1400"]
[Site "Toronto CAN"]
[Date "2012.02.09"]
[Round "6"]
[White "Yu, Tianxi"]
[Black "Nasirov, Ildar"]
[Result "1/2-1/2"]
[WhiteElo "977"]
[BlackElo "1191"]
[PlyCount "69"]
[GameId "2160767909573121"]
[EventDate "2012.01.05"]
[EventType "swiss"]
[EventRounds "6"]
[EventCountry "CAN"]
[SourceTitle "EXT 2022"]
[Source "ChessBase"]
[SourceDate "2021.10.06"]
[SourceVersion "1"]
[SourceVersionDate "2021.10.06"]
[SourceQuality "1"]

1. e4 e5 2. Nf3 Nc6 3. d4 Nxd4 4. Nxd4 exd4 5. Qxd4 Qe7 6. Nc3 Qf6 7. Qxf6 Nxf6 8. g3 d6 9. Bg2 Bd7 10. Bf4 Bc6 11. O-O O-O-O 12. Bh3+ Kb8 13. Bg2 d5 14. exd5 Nxd5 15. Nxd5 Bxd5 16. Bxd5 Rxd5 17. b4 Bxb4 18. Rab1 Bd2 19. Bxd2 Rxd2 20. Rb2 a6 21. Rfb1 Rhd8 22. Rxb7+ Ka8 23. R7b2 a5 24. c3 a4 25. Rxd2 Rxd2 26. Rb5 Rxa2 27. Ra5+ Kb7 28. Kf1 Kb6 29. Rh5 h6 30. Rf5 f6 31. c4 c6 32. c5+ Kb5 33. Rf3 Kxc5 34. Rc3+ Kb4 35. Rxc6 1/2-1/2

[Event "Scarborough CC Jack Frost U1400"]
[Site "Toronto CAN"]
[Date "2012.02.09"]
[Round "6"]
[White "Zhao, Yanchun"]
[Black "Lin, Benjamin1"]
[Result "1-0"]
[WhiteElo "1285"]
[BlackElo "1286"]
[PlyCount "103"]
[GameId "2160767909573122"]
[EventDate "2012.01.05"]
[EventType "swiss"]
[EventRounds "6"]
[EventCountry "CAN"]
[SourceTitle "EXT 2022"]
[Source "ChessBase"]
[SourceDate "2021.10.06"]
[SourceVersion "1"]
[SourceVersionDate "2021.10.06"]
[SourceQuality "1"]

1. e4 c5 2. Nf3 Nc6 3. d4 cxd4 4. Nxd4 e5 5. Nb5 a6 6. Nd6+ Bxd6 7. Qxd6 Qe7 8. Qd1 h6 9. Nc3 Nf6 10. a3 O-O 11. Be3 d6 12. h3 Be6 13. Be2 Rac8 14. Nd5 Nxe4 15. Nxe7+ Nxe7 16. O-O d5 17. c3 Ng6 18. Bf3 Nf6 19. Qd2 Kh7 20. b4 Rc6 21. Bc5 Rfc8 22. Rfe1 b6 23. Be3 Rxc3 24. Rec1 R3c6 25. Rxc6 Rxc6 26. Rc1 Rd6 27. Qc2 Ne8 28. Be2 d4 29. Bd2 b5 30. Bd3 Bd5 31. Qc8 Nf6 32. Qc7 Ne8 33. Bxg6+ fxg6 34. Qe7 Re6 35. Qd7 Nf6 36. Qd8 Re8 37. Qd6 Re6 38. Qc7 Ne8 39. Qd8 Nf6 40. Rc8 Re8 41. Qc7 Re6 42. Qb8 g5 43. g4 Nd7 44. Rh8+ Kg6 45. Qd8 Nf6 46. Rf8 Bc4 47. Qa8 Kh7 48. Qf3 Bd5 49. Qf5+ g6 50. Rf7+ Kh8 51. Qxg6 Be4 52. Qg7# 1-0

[Event "Scarborough CC Jack Frost U1800"]
[Site "Toronto CAN"]
[Date "2012.01.05"]
[Round "1"]
[White "Azizi, Hamid"]
[Black "Wang, Eric1"]
[Result "0-1"]
[WhiteElo "1431"]
[BlackElo "1594"]
[PlyCount "70"]
[GameId "2160767909573123"]
[EventDate "2012.01.05"]
[EventType "swiss"]
[EventRounds "6"]
[EventCountry "CAN"]
[SourceTitle "EXT 2022"]
[Source "ChessBase"]
[SourceDate "2021.10.06"]
[SourceVersion "1"]
[SourceVersionDate "2021.10.06"]
[SourceQuality "1"]

1. f4 d5 2. e3 g6 3. Nf3 Bg7 4. Nc3 Nf6 5. Be2 Nbd7 6. O-O c6 7. Qe1 Qc7 8. d3 Nc5 9. Nd4 Bd7 10. b4 Ne6 11. Nb3 O-O-O 12. Nc5 d4 13. Nd1 dxe3 14. Rb1 Nxf4 15. Rxf4 Qxf4 16. Nxe3 Qc7 17. a4 Nd5 18. c3 Nxc3 19. Nxd7 Nxe2+ 20. Qxe2 Qxd7 21. Rb3 Qe6 22. Qg4 Qxg4 23. Nxg4 Rd7 24. Kf2 h5 25. Ne3 Rhd8 26. Ke2 Rd6 27. Nc4 Re6+ 28. Kf3 Bd4 29. b5 Rd5 30. g3 Rf5+ 31. Kg2 Re2+ 32. Kh3 Rff2 33. g4 Rf3+ 34. Kh4 Bf6+ 35. g5 Rxh2# 0-1